Loading...
| History - European History | 0 | 6 | 0 | 1 | 60 | 14 | 39.67 | 3 | 6 |
| Religion | 0 | 6 | 3 | 1 | 45 | 57 | 77.83 | 1 | 5 |
| Pop Culture | 0 | 4 | 0 | 0 | 40 | 27 | 45.25 | 2 | 4 |
| History - World History | 0 | 4 | 0 | 0 | 40 | 28 | 52.25 | 2 | 3 |
| Mythology | 0 | 4 | 0 | 1 | 40 | 16 | 60.00 | 2 | 2 |
| Science - Other Science | 0 | 4 | 1 | 1 | 35 | 28 | 73.50 | 0 | 2 |
| Painting/Sculpture | 0 | 3 | 0 | 1 | 30 | 58 | 85.00 | 1 | 1 |
| Fine Arts - Classical Music | 0 | 3 | 0 | 0 | 30 | 61 | 85.67 | 0 | 3 |
| History - American History | 0 | 4 | 2 | 0 | 30 | 43 | 56.25 | 0 | 3 |
| Science - Biology | 0 | 4 | 2 | 0 | 30 | 49 | 69.50 | 1 | 3 |
| Literature - American Literature | 0 | 3 | 1 | 0 | 25 | 21 | 64.33 | 1 | 1 |
| History - Other History | 0 | 4 | 3 | 0 | 25 | 39 | 71.25 | 1 | 3 |
| Current Events | 0 | 3 | 2 | 0 | 20 | 31 | 39.67 | 1 | 2 |
| Social Science | 0 | 2 | 1 | 0 | 15 | 34 | 37.50 | 1 | 2 |
| Philosophy | 0 | 2 | 1 | 1 | 15 | 52 | 79.00 | 1 | 1 |
| Science - Physics | 0 | 2 | 1 | 0 | 15 | 67 | 71.00 | 0 | 1 |
| Literature - British Literature | 0 | 2 | 2 | 0 | 10 | 86 | 96.50 | 0 | 0 |
| Fine Arts - Other Fine Arts | 0 | 2 | 2 | 1 | 10 | 84 | 96.50 | 0 | 1 |
| Literature - European Literature | 0 | 2 | 3 | 0 | 5 | 87 | 101.00 | 0 | 0 |
| Literature - World Literature | 0 | 1 | 1 | 0 | 5 | 54 | 54.00 | 0 | 1 |
| Geography | 0 | 1 | 2 | 0 | 0 | 36 | 36.00 | 1 | 1 |
| Science - Chemistry | 0 | 0 | 2 | 0 | -10 | 0.00 | 0 | 0 |